The United States and world trade. (Record no. 90021)

MARC details
000 -LEADER
fixed length control field 00857cam a22002531 4500
001 - CONTROL NUMBER
control field sd 50000078
003 - CONTROL NUMBER IDENTIFIER
control field DLC
005 - DATE AND TIME OF LATEST TRANSACTION
control field 20260227112735.0
008 - FIXED-LENGTH DATA ELEMENTS--GENERAL INFORMATION
fixed length control field 950208s1950 nyu b 000 0 eng c
010 ## - LIBRARY OF CONGRESS CONTROL NUMBER
LC control number sd 50000078
035 ## - SYSTEM CONTROL NUMBER
System control number (OCoLC)31952940
040 ## - CATALOGING SOURCE
Original cataloging agency U.S. Dept. of State. Library
Transcribing agency IEN
Modifying agency DLC
042 ## - AUTHENTICATION CODE
Authentication code premarc
050 00 - LIBRARY OF CONGRESS CALL NUMBER
Classification number D410
Item number .F65 vol. 25, no. 16
100 1# - MAIN ENTRY--PERSONAL NAME
Personal name Hutcheson, Harold,
Dates associated with a name 1912-
245 14 - TITLE STATEMENT
Title The United States and world trade.
260 ## - PUBLICATION, DISTRIBUTION, ETC.
Place of publication, distribution, etc. New York,
Name of publisher, distributor, etc. Foreign Policy Association,
Date of publication, distribution, etc. 1950.
300 ## - PHYSICAL DESCRIPTION
Extent [194]-203, [1] p.
Dimensions 27 cm.
440 #0 - SERIES STATEMENT/ADDED ENTRY--TITLE
Title Foreign policy reports,
Volume/sequential designation v. 25, no. 16
500 ## - GENERAL NOTE
General note "The problem of the 'dollar gap,' by Harold H. Hutcheson and J.S. Hutcheson": p. [204]
504 ## - BIBLIOGRAPHY, ETC. NOTE
Bibliography, etc. note Bibliographical footnotes.
651 #0 - SUBJECT ADDED ENTRY--GEOGRAPHIC NAME
Geographic name United States
General subdivision Commercial policy.
651 #0 - SUBJECT ADDED ENTRY--GEOGRAPHIC NAME
Geographic name United States
General subdivision Economic policy.

No items available.

Powered by Koha